ბათუმის შოთა რუსთაველის სახელმწიფო უნივერსიტეტის ბიბლიოთეკა

Auf neuen wegen deutsch als fremdsprache für die mittelstufe (ბიბ.ჩანაწერი № 50406)

000 -LEADER
fixed length control field 00499nam a2200193Ia 4500
001 - CONTROL NUMBER
control field 17350
003 - CONTROL NUMBER IDENTIFIER
control field GE_BSU
008 - FIXED-LENGTH DATA ELEMENTS--GENERAL INFORMATION
fixed length control field 181216s||||||||xx |||||||||||||| ||und||
020 ## - INTERNATIONAL STANDARD BOOK NUMBER
International Standard Book Number 3190116407
040 ## - CATALOGING SOURCE
Transcribing agency GE_BSU
080 ## - UNIVERSAL DECIMAL CLASSIFICATION NUMBER
Universal Decimal Classification number 811.112
100 ## - MAIN ENTRY--PERSONAL NAME
Personal name Willkop, Eva -Maria
245 ## - TITLE STATEMENT
Title Auf neuen wegen deutsch als fremdsprache für die mittelstufe
260 ## - PUBLICATION, DISTRIBUTION, ETC.
Place of publication, distribution, etc. Munchen
260 ## - PUBLICATION, DISTRIBUTION, ETC.
Date of publication, distribution, etc. 2003
653 ## - INDEX TERM--UNCONTROLLED
Uncontrolled term Auf neuen wegen deutsch als fremdsprache für die mittelstufe
942 ## - ADDED ENTRY ELEMENTS (KOHA)
Koha item type წიგნი
ეგზემპლარები
Withdrawn status Lost status Damaged status Not for loan Date acquired Barcode Date last seen Price effective from Koha item type
        2018-12-17 1481 2018-12-17 2018-12-17 წიგნი